|
|
|
|
| LEADER |
01181nam a2200289 a 4500 |
| 001 |
4034 |
| 003 |
BD-DhAAL |
| 005 |
20150909093940.0 |
| 008 |
150909s2002 bg a b 000 0 eng |
| 010 |
|
|
|a 2002309331
|
| 040 |
|
|
|a DLC
|c DLC
|d BD-DhAAL
|
| 050 |
0 |
0 |
|a HN690.6.C6
|b N37 2002
|
| 082 |
|
|
|a 307.1/412/095492
|
| 245 |
0 |
0 |
|a National advocacy :
|b a path to reform /
|c preparation and coordination for the Asia Foundation Borhan Uddin Khan ... [et al.].
|
| 260 |
|
|
|a Dhaka :
|b Asia Foundation,
|c 2002.
|
| 300 |
|
|
|a 48 p. :
|b col. ill. ;
|c 29 cm.
|
| 504 |
|
|
|a Includes bibliographical references.
|
| 520 |
|
|
|a With reference to Bangladesh.
|
| 650 |
|
0 |
|a Rural development
|z Bangladesh.
|9 14497
|
| 650 |
|
0 |
|a Non-governmental organizations
|z Bangladesh.
|9 14498
|
| 650 |
|
0 |
|a Social advocacy
|z Bangladesh.
|9 14499
|
| 651 |
|
0 |
|a Bangladesh
|x Social policy.
|9 14500
|
| 700 |
1 |
|
|a Khan, Borhan Uddin.
|9 12515
|
| 710 |
2 |
|
|a Asia Foundation (Bangladesh)
|9 14501
|
| 942 |
|
|
|2 ddc
|c BK
|
| 999 |
|
|
|c 35480
|d 35480
|
| 952 |
|
|
|0 0
|1 0
|2 ddc
|4 0
|6 307_100000000000000_412_095492_NAT
|7 0
|9 55800
|a SCL
|b SCL
|c GEN
|d 2015-09-09
|e Gift: The Asia Foundation
|l 0
|o 307.1412095492 NAT
|p 3020004034
|r 2015-09-09
|t 1
|w 2015-09-09
|y BK
|